BMI 100 Songs of the 20th Century - Statistics

General Stats
  • This quiz has been taken 25 times
  • The average score is 19 of 100
Answer Stats
Hint Answer % Correct
4, Ben E. King, Jerry Leiber, Mike Stoller Stand By Me
79%
3, John Lennon & Paul McCartney Yesterday
71%
96. John Lennon Imagine
63%
19. Paul Simon Bridge Over Troubled Water
58%
13. Dolly Parton I Will Always Love You
58%
89. John Lennon & Paul McCartney Let It Be
58%
57. Van Morrison Brown Eyed Girl
50%
6. Steve Cropper & Otis Redding Sitting On the Dock of the Bay
50%
37. Elton John & Bernie Taupin Your Song
50%
18. Paul Simon Sound of Silence
46%
93. Eric Clapton & Jim Gordon Layla
42%
7. Paul Simon Mrs. Robinson
42%
80. Stevie Nicks Dreams
38%
15. Sting Every Breath You Take
38%
63. Jimmy Buffett Margaritaville
38%
17. George Harrison Something
38%
82. James Taylor Fire and Rain
33%
26. William Dees & Roy Orbison Oh Pretty Woman
33%
74. Joe Melson & Roy Orbison Crying
29%
66. Elton John and Bernie Taupin Daniel
29%
67. Glenn Frey & Jackson Browne Take it Easy
29%
95. Mike Love & Brian Wilson California Girls
25%
98. Barry, Maurice & Robin Gibb How Deep is Your Love
25%
91. Mick Jagger & Keith Richards I Can't Get No Satisfaction
25%
28. Barrett Strong & Norman Whitfield I Heard It Through the Grapevine
25%
24. John Fogerty Proud Mary
25%
78. Glenn Frey, Don Henley & J.D. Souther Best of My Love
21%
76. Elton John & Bernie Taupin Don't Let the Sun Go Down on Me
21%
52. Lou Adler, Herb Alpert & Sam Cooke What a Wonderful World
21%
71. Otis Blackwell & Elvis Presley Don't Be Cruel
17%
10. Hoagy Carmichael & Stuart Gorrell Georgia on My Mind
17%
77. Kris Kristofferson Help Me Make it Through the Night
17%
42. John Lennon & Paul McCartney Michelle
17%
31. Art Garfunkel & Paul Simon Scarborough Fair
17%
30. Mark James Suspicious Minds
17%
92. Gerry Goffin & Carole King Up on the Roof
17%
23. Lamont Dozier, Brian Holland & Eddie Holland You Can't Hurry Love
17%
60. Wayne Carson, Johnny Christopher & Mark James Always on My Mind
13%
85. Joe Melson & Roy Orbison Blue Bayou
13%
48. Howard Greenfield & Neil Sedaka Breaking Up is Hard to Do
13%
20. Jimmy Webb By the Time I Get to Phoenix
13%
65. John Stewart Daydream Believer
13%
27. Fred Neill Everybody's Talkin
13%
16. John Hartford Gentle on My Mind
13%
44. Garry Bonner & Alan Gordon Happy Together
13%
68. Let Your Love Flow Larry Williams
13%
72. Tom Johnston Listen to the Music
13%
81.Jerry Jeff Walker Mr. Bojangles
13%
59. Sylvia Moy, Henry Cosby & Stevie Wonder My Cherie Amour
13%
34. Ande Rand & Buck Ram Only You
13%
75. Jackie DeShannon, Jimmy Holiday & Randy Myers Put a Little Love in Your Heart
13%
49. Doc Pomus & Mort Shuman Save the Last Dance For Me
13%
100. Barry Mann & Dan Hill Sometimes When We Touch
13%
25. Bobby Hebb Sunny
13%
69. Amanda McBroom The Rose
13%
51. Roger Nichols & Paul Williams We've Only Just Begun
13%
41. Larry Henley & Jeff Silbar Wind Beneath My Wings
13%
97. Sam Cooke You Send Me
13%
1.Barry Mann, Phil Spector, Cynthia Weil You've Lost That Lovin Feelin
13%
73. Carole Bayer Sager & Toni Wine A Groovy Kind of Love
8%
33. Boudleaux Bryant All I Have to Do is Dream
8%
21. Chip Taylor Angel of the Morning
8%
8. Lamont Dozier, Brian Holland & Eddie Holland Baby I Need Your Loving
8%
86. John Barry & Don Black Born Free
8%
35. Norman Gimbel & Eddie Heywood Canadian Sunset
8%
5. Bob Crewe & Bob Gaudio Can't Take My Eyes Off of You
8%
22.Terry Kirkman Cherish
8%
54. Buzz Cason & Mac Gayden Everlasting Love
8%
50. Kris Kristofferson For the Good Times
8%
58. Vinicius DeMoraes, Norman Gimbel & Antonio Carlos Jobim Girl From Ipanema
8%
29. Teddy Randazzo & Bobby Weinstein Goin Out of My Head
8%
84. Mark James Hooked on a Feeling
8%
38. Lamont Dozier, Brian Holland & Eddie Holland How Sweet It Is To Be Loved By You
8%
40. Don Gibson I Can't Stop Loving You
8%
90. Parker McGee I’d Really Love to See You Tonight
8%
62. Kenneth Gamble & Leon Huff If You Don't Know Me By Now
8%
94. Peter Allen & Jeff Barry I Honestly Love You
8%
99. Joe South I Never Promised You a Rose Garden
8%
88. Brook Benton, Belford Hendricks & Clyde Otis It's Just a Matter of Time
8%
11.Charles Fox & Norman Gimbel Killing Me Softly With His Song
8%
12. Marcello Ciorciolini, Norman Newell, Nino Oliviero, Riz Ortolani More
8%
55. Jimmy Duncan My Special Angel
8%
2.Donald & Richard Addrisi Never My Love
8%
36. Eugene Record Oh Girl
8%
45. Jerry Leiber, Barry Mann, Mike Stoller & Cynthia Weil On Broadway
8%
87. Eddie Miller, Dub Williams & Robert Yount Release Me
8%
9. John Gummoe Rhythm of the Rain
8%
53. Gene MacLellan Snowbird
8%
64. Bert Kaempfert, Charles Singleton & Eddie Snyder Spanish Eyes
8%
47. Bert Kaempfert, Charles Singleton & Eddie Snyder Stranger in the Night
8%
70. Don Henley, J.D. Souther & Mike Campbell The Heart of the Matter
8%
79. Wayne Carson The Letter
8%
56. Rory Bourke, Billy Sherrill & Norro Wilson The Most Beautiful Girl
8%
83. John D. Loudermilk Then You Can Tell Me Goodbye
8%
32. Buddy Buie, J.R. Cobb, Emory Gordy Traces
8%
46. Al Nevins, Morty Nevins & Buck Ram Twilight Time
8%
43. Jimmy Webb Up, Up, and Away
8%
14. Calvin Lewis & Andrew J. Wright When a Man Loves a Woman
8%
61. Ruthann Friedman Windy
8%
39. Gary Jackson, Raynard Miner & Carl William Smith Your Love Has Lifted Me Higher
8%
No matching quizzes found
Score Distribution
Percent of People with Each Score
Percentile by Number Answered
Your Score History
You have not taken this quiz